| 000 | 00877cab a2200217 4500 | ||
|---|---|---|---|
| 001 | ABS40903 | ||
| 008 | 090401t1989 xxu||||| |||| 00| 0 eng d | ||
| 035 | _a(Sirsi) u26861 | ||
| 041 | _aeng | ||
| 100 | _aAlshawi, M.A. | ||
| 245 | _aExpert systems and contractual disputes: extension of time under JCT80 | ||
| 260 | _c1989 | ||
| 350 | _a0 | ||
| 490 |
_aConstruction Management & Economics _v7(1) Spring 1989, 65-74(10) |
||
| 520 | _aDescribes research aimed at developing an expert system for resolution of extension of time disputes arising under the standard form of building contract JCT 1980 . Outlines possible benefits of such a system and describes the working system and its limitations. (Based on Journal abstract) | ||
| 650 | _aCLAIMS | ||
| 690 | _aBUILT ENVIRONMENT-BUILDING CONTRACT FORMS | ||
| 700 | _aHope, A.E. | ||
| 942 | _n0 | ||
| 948 | _c04/03/1997 | ||
| 999 |
_c18093 _d18093 |
||